[Event "Solrød Skole"]
[Site "Køge Bugt Vinter 2011"]
[Date "2011.03.02"]
[Round "5.8"]
[White "Johannsen, Bjørn"]
[Black "Forsmann, Henning"]
[Result "1/2-1/2"]
[WhiteElo "1585"]
[BlackElo "1761"]
[PlyCount "65"]
[EventDate "2011.??.??"]
[WhiteTeam "Haslev Skakklub"]
[BlackTeam "Solrød Skakklub"]

1. d4 g6 2. Bf4 Bg7 3. e3 d5 4. Bd3 e6 5. c3 Ne7 6. Nf3 Nd7 7. Nbd2 O-O 8. e4
c5 9. Be3 b6 10. O-O Bb7 11. Re1 Qc7 12. Rc1 dxe4 13. Bxe4 Nd5 14. Qe2 Rad8 15.
h3 Nxe3 16. fxe3 Bxe4 17. Nxe4 a5 18. a3 c4 19. Rf1 Qc6 20. Ned2 b5 21. e4 Qb6
22. Rf2 e5 23. Nxe5 Nxe5 24. dxe5 Bxe5 25. Nf3 Bf4 26. Rcf1 Bg3 27. Nd4 Bxf2+
28. Qxf2 Rd7 29. Kh1 Re7 30. Qf4 Qc5 31. Qg4 Kh8 32. Qh4 Kg8 33. Qg4 1/2-1/2

[Event "Solrød Skole"]
[Site "Køge Bugt Vinter 2011"]
[Date "2011.03.02"]
[Round "5.9"]
[White "Orup, Kim Amdi"]
[Black "Trærup, Jørgen"]
[Result "1-0"]
[WhiteElo "1821"]
[BlackElo "1725"]
[PlyCount "129"]
[EventDate "2011.??.??"]
[WhiteTeam "Solrød Skakklub"]
[BlackTeam "BMS Skak"]

1. e4 e5 2. Bc4 Nf6 3. Nc3 Be7 4. d3 O-O 5. f4 d6 6. f5 c6 7. g4 b5 8. Bb3 b4
9. Nb1 d5 10. g5 dxe4 11. gxf6 Bxf6 12. dxe4 Qxd1+ 13. Kxd1 Nd7 14. Be3 Rd8 15.
Ke2 Ba6+ 16. Kf3 h6 17. Ne2 c5 18. c4 Rac8 19. Nd2 Nb6 20. Rhg1 Kh7 21. Ng3 Bg5
22. Rg2 Rd3 23. Ndf1 Nxc4 24. Bxc4 Bxc4 25. b3 Bb5 26. Rd2 Rcd8 27. Rad1 Bxe3
28. Rxd3 Bd4 29. R3d2 Bxf1 30. Nxf1 Rd6 31. Ne3 Ra6 32. Nc4 f6 33. Rg2 Rc6 34.
Rdd2 Rc7 35. Rg6 Re7 36. Rdg2 Rd7 37. Ne3 Bxe3 38. Kxe3 a5 39. Re2 Rc7 40. Kd3
Rd7+ 41. Kc2 Rc7 42. Kb2 a4 43. bxa4 c4 44. Rc2 c3+ 45. Kb3 Rb7 46. Rg3 h5 47.
h4 Kh6 48. Rg6+ Kh7 49. a5 Rb8 50. a6 Rb6 51. a7 Ra6 52. Kxb4 Rxa7 53. Kxc3
Ra3+ 54. Kb4 Rh3 55. Rc7 Rxh4 56. Rgxg7+ Kh8 57. Rgd7 Rxe4+ 58. Kc5 Rg4 59.
Rd8+ Rg8 60. Rxg8+ Kxg8 61. Kd6 e4 62. Ke6 h4 63. Kxf6 h3 64. Kg6 Kf8 65. Rh7
1-0

[Event "Solrød Skole"]
[Site "Køge Bugt Vinter 2011"]
[Date "2011.03.02"]
[Round "5.10"]
[White "Dyremose, Flemming"]
[Black "Grum-Schwensen, Jens"]
[Result "1-0"]
[WhiteElo "1748"]
[BlackElo "1248"]
[PlyCount "115"]
[EventDate "2011.??.??"]
[WhiteTeam "Brøndbyernes Skakklub"]
[BlackTeam "Brøndbyernes Skakklub"]

1. d4 d5 2. c4 e6 3. Nc3 Nf6 4. Bg5 Be7 5. Nf3 Nbd7 6. e3 b6 7. Bd3 h6 8. Bh4
Bb7 9. O-O dxc4 10. Bxc4 Ne4 11. Bxe7 Qxe7 12. Bd3 f5 13. Rc1 Ndf6 14. Ne5 Nxc3
15. Rxc3 Qd6 16. Bb5+ c6 17. Bxc6+ Bxc6 18. Rxc6 Qd5 19. Qa4 O-O 20. Qa3 Kh7
21. Rd6 Qb5 22. Rxe6 Nd5 23. Nf3 Rf7 24. Re5 Rc8 25. h3 a5 26. Qd6 Rd7 27. Qe6
g6 28. Nh4 Qc6 29. Nxg6 Rg7 30. Qxc6 Rxc6 31. Nf8+ Kg8 32. Rxd5 Kxf8 33. Rxf5+
Ke7 34. Rb5 Rg5 35. Rxg5 hxg5 36. f3 Rc2 37. Rf2 Rc1+ 38. Kh2 Re1 39. e4 Rd1
40. d5 Rc1 41. Kg3 Kf6 42. Kg4 Ra1 43. a3 Rc1 44. h4 gxh4 45. Kxh4 Ke5 46. Rd2
b5 47. Kg3 b4 48. axb4 axb4 49. Kf2 b3 50. Ke3 Re1+ 51. Kd3 Rc1 52. g3 Kd6 53.
g4 Rf1 54. Ke2 Rc1 55. Ke3 Re1+ 56. Re2 Rc1 57. g5 Rc2 58. g6 1-0

[Event "Solrød Skole"]
[Site "Køge Bugt Vinter 2011"]
[Date "2011.03.02"]
[Round "5.11"]
[White "Hansen, Erik Friberg"]
[Black "Larsen, Paul M"]
[Result "0-1"]
[WhiteElo "1574"]
[BlackElo "1629"]
[PlyCount "68"]
[EventDate "2011.??.??"]
[WhiteTeam "Ishøj Skakklub"]
[BlackTeam "Haslev Skakklub"]

1. d4 Nf6 2. Nf3 e6 3. e3 b6 4. Bd3 Bb7 5. Nbd2 Be7 6. c3 O-O 7. O-O d5 8. Ne5
c5 9. c4 dxc4 10. Bxc4 cxd4 11. Ndf3 dxe3 12. Bxe3 Nd5 13. Qe2 Nxe3 14. Qxe3
Bc5 15. Qc3 Qf6 16. Be2 Nc6 17. Rad1 Rfd8 18. Rxd8+ Rxd8 19. Rd1 Rxd1+ 20. Bxd1
Nxe5 21. Qxe5 Qxe5 22. Nxe5 Bd4 23. Nc4 b5 24. Nd6 Bc6 25. Be2 a6 26. b3 Bc5
27. Nc4 bxc4 28. Bxc4 Bb5 29. Bxb5 axb5 30. Kf1 Kf8 31. Ke2 Ke7 32. f3 Kd6 33.
Kd3 Kd5 34. f4 f6 0-1

[Event "Solrød Skole"]
[Site "Køge Bugt Vinter 2011"]
[Date "2011.03.02"]
[Round "5.12"]
[White "Nielsen, Michael"]
[Black "Dyremose, Morten Sigvart"]
[Result "1/2-1/2"]
[WhiteElo "1202"]
[BlackElo "1146"]
[PlyCount "84"]
[EventDate "2011.??.??"]
[WhiteTeam "Sjælsø Skakklub"]
[BlackTeam "Brøndbyernes Skakklub"]

1. e4 e5 2. Nf3 d6 3. Nc3 Nf6 4. Bc4 Bg4 5. h3 Bxf3 6. Qxf3 Nc6 7. Nd5 Be7 8.
c3 Na5 9. Ne3 Nxc4 10. Nxc4 O-O 11. O-O c6 12. d3 b5 13. Na3 Qb6 14. Be3 Qb7
15. Rfd1 d5 16. Qf5 Nd7 17. Nc2 g6 18. Qg4 Bf6 19. d4 exd4 20. Bxd4 Bxd4 21.
Rxd4 Nf6 22. Qf4 Nxe4 23. f3 Nc5 24. Qd6 Ne6 25. Rd2 Rad8 26. Qe5 Qb6+ 27. Kh1
Qc7 28. Qe3 Rde8 29. Nb4 Nf4 30. Qc5 Re6 31. Rad1 Rfe8 32. Qf2 Qe7 33. Kh2 a5
34. Nd3 Nxd3 35. Rxd3 Re2 36. Qb6 Qe5+ 37. Kh1 Qg3 38. Rg1 Re1 39. Rd1 Rxd1 40.
Rxd1 Re1+ 41. Rxe1 Qxe1+ 42. Kh2 Qe5+ 1/2-1/2

[Event "Solrød Skole"]
[Site "Køge Bugt Vinter 2011"]
[Date "2011.03.09"]
[Round "6.1"]
[White "Hald, Morten Hansen"]
[Black "Nielsen, Jan Mose"]
[Result "0-1"]
[WhiteElo "1450"]
[BlackElo "2118"]
[PlyCount "68"]
[EventDate "2011.??.??"]
[WhiteTeam "Køge Skakklub"]
[BlackTeam "Tåstrup Skakforening"]

1. d4 d5 2. Nc3 c5 3. Nf3 Nc6 4. e3 Bg4 5. Be2 Nf6 6. Ne5 Bxe2 7. Qxe2 cxd4 8.
Nxc6 bxc6 9. exd4 Qb6 10. Qe3 e6 11. Ne2 Bd6 12. b3 O-O 13. h4 h5 14. Qf3 Ng4
15. Bf4 e5 16. dxe5 Bc5 17. O-O f6 18. e6 Rae8 19. Nc3 Bd4 20. Rae1 Be5 21. Bg3
g6 22. Qd3 Kh7 23. Kh1 Qc7 24. Bxe5 fxe5 25. Qg3 Rxe6 26. f3 Nh6 27. Ne2 Qa5
28. f4 exf4 29. Nxf4 Rxf4 30. Qxf4 Rxe1 31. Kh2 Rxf1 32. Qxf1 Qc7+ 33. Kh1 Nf5
34. Qe1 Ng3+ 0-1

[Event "Solrød Skole"]
[Site "Køge Bugt Vinter 2011"]
[Date "2011.03.16"]
[Round "6.2"]
[White "Christensen, Verner"]
[Black "Krogh, Peter Ove"]
[Result "0-1"]
[WhiteElo "1965"]
[BlackElo "1911"]
[PlyCount "152"]
[EventDate "2011.??.??"]
[WhiteTeam "Solrød Skakklub"]
[BlackTeam "Køge Skakklub"]

1. e4 c5 2. Nf3 g6 3. Bc4 e6 4. O-O a6 5. a4 d5 6. exd5 exd5 7. Re1+ Be6 8. Ba2
Bg7 9. d4 c4 10. Ng5 Kd7 11. Nxe6 fxe6 12. c3 Nc6 13. Na3 Nf6 14. b3 Ne4 15.
Bb2 Qh4 16. f3 Qf2+ 17. Kh1 Qxb2 18. fxe4 Qxa3 19. exd5 exd5 20. bxc4 Qxc3 21.
Qg4+ Kc7 22. cxd5 Qxd4 23. Qxd4 Bxd4 24. Rac1 Rae8 25. dxc6 bxc6 26. Rf1 Rhf8
27. Rfd1 Rd8 28. Re1 Rf2 29. Bc4 a5 30. Bb5 Rf6 31. h3 Kb6 32. Bc4 Bc5 33. Re5
Bb4 34. Re4 Rfd6 35. Be2 Rd4 36. Re6 Bd6 37. Bf3 c5 38. Bd1 Kc7 39. Bb3 Rb4 40.
Bd1 Rd7 41. Be2 Re7 42. Rxe7+ Bxe7 43. Bb5 g5 44. Rd1 Bd6 45. Kg1 h5 46. Rd5
Rb1+ 47. Kf2 Rb2+ 48. Kf3 Rb3+ 49. Rd3 Rb4 50. Rd5 g4+ 51. Kf2 Rb2+ 52. Ke3
Rxg2 53. Rxh5 Rg3+ 54. Kf2 gxh3 55. Rh7+ Kb6 56. Bf1 Ra3 57. Rxh3 Rxa4 58. Rh6
Rd4 59. Ke2 a4 60. Rh8 Kb7 61. Bg2+ Kb6 62. Ke3 Kb5 63. Bf1+ Kb4 64. Bd3 Kc3
65. Bf5 a3 66. Ra8 Kb4 67. Bd3 Bf4+ 68. Ke2 c4 69. Bb1 Rd2+ 70. Ke1 Rb2 71. Bf5
a2 72. Ra7 Be3 73. Ra8 Bc5 74. Kd1 Kc3 75. Ra5 Bb4 76. Ra7 Rb1+ 0-1

[Event "Solrød Skole"]
[Site "Køge Bugt Vinter 2011"]
[Date "2011.03.16"]
[Round "6.3"]
[White "Refsgaard, Kaj"]
[Black "Borup, Johnny"]
[Result "0-1"]
[WhiteElo "1749"]
[BlackElo "1627"]
[PlyCount "94"]
[EventDate "2011.??.??"]
[WhiteTeam "Jernbanens Skakklub"]
[BlackTeam "Brøndbyernes Skakklub"]

1. d4 c5 2. c3 d5 3. Nf3 Nc6 4. Bf4 e6 5. e3 a6 6. Nbd2 Nf6 7. Bd3 cxd4 8. cxd4
Bd7 9. Rc1 Rc8 10. O-O Be7 11. Ne5 O-O 12. Ndf3 Nb4 13. Bb1 Bb5 14. Re1 Ne4 15.
a3 f6 16. Rxc8 Qxc8 17. Nd3 Nxd3 18. Bxd3 Bxd3 19. Qxd3 Qc6 20. Nd2 Nd6 21.
Bxd6 Bxd6 22. g3 Rc8 23. Qb3 b5 24. Qa2 Qc2 25. Nb3 Qd3 26. e4 Rc2 27. exd5 Qf3
28. Rf1 Qxd5 29. Rc1 Rd2 30. Re1 Rxd4 31. Nc1 Rd1 32. Rxd1 Qxd1+ 33. Kg2 Kf7
34. Qb1 Qd5+ 35. Kg1 Bc5 36. Qd3 Qd4 37. Qxd4 Bxd4 38. Nd3 e5 39. Kf1 e4 40.
Nb4 Bxb2 41. Nxa6 Bxa3 42. Nc7 b4 43. Nb5 Ke6 44. Nd4+ Kd5 45. Nb3 Kc4 46. Nd2+
Kd3 47. Nb3 f5 0-1

[Event "Solrød Skole"]
[Site "Køge Bugt Vinter 2011"]
[Date "2011.03.16"]
[Round "6.5"]
[White "Ambirk, Jan Robert"]
[Black "Orup, Kim Amdi"]
[Result "1-0"]
[WhiteElo "1825"]
[BlackElo "1821"]
[PlyCount "77"]
[EventDate "2011.??.??"]
[WhiteTeam "Vordingborg Skakklub"]
[BlackTeam "Solrød Skakklub"]

1. e4 e5 2. Nf3 d6 3. d4 Bg4 4. dxe5 Bxf3 5. Qxf3 dxe5 6. Bc4 Nf6 7. Qb3 Be7 8.
Bxf7+ Kf8 9. Qxb7 Nbd7 10. Bd5 Nb6 11. c4 Nfd7 12. Qc6 Bd6 13. Be3 Nb8 14. Qb5
a6 15. Qb3 Nxd5 16. cxd5 c5 17. dxc6 Nxc6 18. Nc3 Rb8 19. Qc2 Nb4 20. Qd2 Be7
21. Rd1 Qxd2+ 22. Rxd2 Kf7 23. a3 Nc6 24. O-O Rhd8 25. Rfd1 Rxd2 26. Rxd2 Rb3
27. Nd5 Bxa3 28. Nc7 Bxb2 29. Rd7+ Kg6 30. Rd6+ Kf7 31. Rxc6 a5 32. h4 a4 33.
Nd5 a3 34. Ra6 Bd4 35. Kh2 Bb2 36. Nb6 Bd4 37. Nc4 Bb2 38. Ra7+ Ke6 39. Bg5 1-0

[Event "Solrød Skole"]
[Site "Køge Bugt Vinter 2011"]
[Date "2011.03.16"]
[Round "6.6"]
[White "Forsmann, Henning"]
[Black "Krag-Jacobsen, Alan"]
[Result "1/2-1/2"]
[WhiteElo "1761"]
[BlackElo "1786"]
[PlyCount "75"]
[EventDate "2011.??.??"]
[WhiteTeam "Solrød Skakklub"]
[BlackTeam "Solrød Skakklub"]

1. b3 e5 2. Bb2 Nc6 3. Nf3 e4 4. Ne5 Nxe5 5. Bxe5 Nf6 6. e3 d5 7. Be2 Be7 8.
O-O Be6 9. d3 Qd7 10. Nd2 Bf5 11. dxe4 dxe4 12. Bb2 b5 13. a4 c6 14. axb5 cxb5
15. Bd4 O-O 16. Qb1 Nd5 17. Rd1 Bf6 18. Bxf6 gxf6 19. Qb2 Qc6 20. c4 bxc4 21.
Bxc4 Nb4 22. Rdc1 Qb6 23. Be2 Rfd8 24. Nc4 Qe6 25. Qc3 Nd3 26. Rd1 Rd7 27. Rd2
Rad8 28. Rad1 Bg6 29. Nb2 Nxb2 30. Rxd7 Rxd7 31. Qc8+ Kg7 32. Qxd7 Nxd1 33.
Qxd1 Qb6 34. h4 Bf5 35. Bc4 Be6 36. Bxe6 Qxe6 37. b4 a6 38. Qd4 1/2-1/2

[Event "Solrød Skole"]
[Site "Køge Bugt Vinter 2011"]
[Date "2011.03.16"]
[Round "6.7"]
[White "Kirkebække, Mark"]
[Black "Johannsen, Bjørn"]
[Result "0-1"]
[WhiteElo "1489"]
[BlackElo "1585"]
[PlyCount "52"]
[EventDate "2011.??.??"]
[WhiteTeam "Tåstrup Skakforening"]
[BlackTeam "Haslev Skakklub"]

1. e4 b6 2. d4 Bb7 3. Nc3 e6 4. g3 Nf6 5. Bg2 Be7 6. Nge2 h6 7. O-O d6 8. f4
Nbd7 9. e5 Bxg2 10. exf6 Bxf1 11. fxe7 Qxe7 12. Qxf1 O-O 13. b3 Nf6 14. a4 c5
15. dxc5 dxc5 16. Bb2 Rfd8 17. Rd1 Ng4 18. Qf3 Nf6 19. Nc1 Rac8 20. Nd3 c4 21.
Ne5 cxb3 22. cxb3 Qb4 23. Rxd8+ Rxd8 24. Nb5 Qe1+ 25. Qf1 Qe3+ 26. Qf2 Rd1+ 0-1

[Event "Solrød Skole"]
[Site "Køge Bugt Vinter 2011"]
[Date "2011.03.16"]
[Round "6.8"]
[White "Larsen, Paul M"]
[Black "Dyremose, Flemming"]
[Result "1-0"]
[WhiteElo "1629"]
[BlackElo "1748"]
[PlyCount "105"]
[EventDate "2011.??.??"]
[WhiteTeam "Haslev Skakklub"]
[BlackTeam "Brøndbyernes Skakklub"]

1. Nf3 c5 2. c4 Nc6 3. Nc3 Nf6 4. d4 cxd4 5. Nxd4 Nxd4 6. Qxd4 a6 7. e4 d6 8.
f3 e5 9. Qf2 Be6 10. Be3 Rc8 11. Bb6 Qd7 12. b3 Qc6 13. Be2 Nd7 14. Be3 b5 15.
O-O bxc4 16. Nd5 Bxd5 17. exd5 Qxd5 18. Bxc4 Qa8 19. Qe2 a5 20. Qd3 Be7 21. Bd5
Qb8 22. Qa6 O-O 23. Qxa5 Nf6 24. Rfc1 Nxd5 25. Qxd5 Qa8 26. Qxa8 Rxa8 27. Rc7
Bf6 28. a4 d5 29. Bc5 Rfc8 30. Rxc8+ Rxc8 31. b4 Bg5 32. Rd1 d4 33. a5 Rc6 34.
Ra1 f5 35. a6 Rc8 36. a7 Ra8 37. b5 Bd8 38. b6 Bxb6 39. Bxb6 d3 40. Rd1 e4 41.
fxe4 fxe4 42. Kf2 Kf7 43. Rc1 Ke6 44. Ke3 Kd5 45. Rc7 Rf8 46. Rb7 Kc4 47. Rb8
Rf1 48. Kd2 Rb1 49. a8=Q Rb2+ 50. Ke3 Re2+ 51. Kf4 g5+ 52. Ke5 Kc3 53. Bd4+ 1-0

[Event "Solrød Skole"]
[Site "Køge Bugt Vinter 2011"]
[Date "2011.03.16"]
[Round "6.9"]
[White "Grum-Schwensen, Jens"]
[Black "Jørgensen, Leif"]
[Result "0-1"]
[WhiteElo "1248"]
[BlackElo "1700"]
[PlyCount "64"]
[EventDate "2011.??.??"]
[WhiteTeam "Brøndbyernes Skakklub"]
[BlackTeam "Solrød Skakklub"]

1. c4 Nf6 2. Nc3 e6 3. d4 d5 4. Nf3 c6 5. e3 Bd6 6. c5 Bc7 7. Qc2 b6 8. b4 a5
9. b5 O-O 10. bxc6 Nxc6 11. Ba3 Re8 12. Bb5 Bd7 13. O-O e5 14. Bxc6 Bxc6 15.
Rab1 bxc5 16. Bxc5 e4 17. Ne1 Bd7 18. Qe2 Ng4 19. g3 Nf6 20. f3 exf3 21. Nxf3
Ng4 22. Nxd5 Bc6 23. Nxc7 Rxe3 24. Qd1 Qxc7 25. Rb3 Ba4 26. Qb1 Bxb3 27. axb3
Qc6 28. Qd1 Rae8 29. h3 Nf6 30. Kg2 Qe4 31. d5 Nxd5 32. Bxe3 Nxe3+ 0-1

[Event "Solrød Skole"]
[Site "Køge Bugt Vinter 2011"]
[Date "2011.03.16"]
[Round "6.11"]
[White "Nielsen, Steen"]
[Black "Nielsen, Michael"]
[Result "1-0"]
[WhiteElo "1456"]
[BlackElo "1202"]
[PlyCount "39"]
[EventDate "2011.??.??"]
[WhiteTeam "Solrød Skakklub"]
[BlackTeam "Sjælsø Skakklub"]

1. d4 d5 2. c4 e6 3. Nf3 Nf6 4. Nc3 Na6 5. a3 c5 6. dxc5 Bxc5 7. e3 O-O 8. b4
Be7 9. c5 b6 10. c6 Nxb4 11. axb4 Bxb4 12. Bd2 Ne4 13. Nxe4 dxe4 14. Bxb4 Qxd1+
15. Rxd1 exf3 16. Bxf8 Kxf8 17. gxf3 e5 18. Rd8+ Ke7 19. c7 a5 20. Bh3 1-0

[Event "Solrød Skole"]
[Site "Køge Bugt Vinter 2011"]
[Date "2011.03.23"]
[Round "7.1"]
[White "Nielsen, Jan Mose"]
[Black "Hansen, Erik Levin"]
[Result "1-0"]
[WhiteElo "2118"]
[BlackElo "1812"]
[PlyCount "39"]
[EventDate "2011.??.??"]
[WhiteTeam "Tåstrup Skakforening"]
[BlackTeam "Haslev Skakklub"]

1. d4 Nf6 2. c4 g6 3. Nc3 d5 4. Nf3 Bg7 5. Qb3 dxc4 6. Qxc4 O-O 7. e4 Nbd7 8.
h4 Nb6 9. Qd3 Bg4 10. Ne5 Nh5 11. Nxg4 Bxd4 12. Nh6+ Kg7 13. g4 Nf6 14. h5 c5
15. Qh3 Nfd7 16. hxg6 fxg6 17. Nf5+ gxf5 18. Qxh7+ Kf6 19. Rh6+ Ke5 20. f4# 1-0

[Event "Solrød Skole"]
[Site "Køge Bugt Vinter 2011"]
[Date "2011.03.23"]
[Round "7.3"]
[White "Borup, Johnny"]
[Black "Christensen, Verner"]
[Result "1/2-1/2"]
[WhiteElo "1627"]
[BlackElo "1965"]
[PlyCount "78"]
[EventDate "2011.??.??"]
[WhiteTeam "Brøndbyernes Skakklub"]
[BlackTeam "Solrød Skakklub"]

1. e4 e5 2. Nf3 Nc6 3. Bc4 Nf6 4. d4 exd4 5. e5 d5 6. Bb5 Ne4 7. Nxd4 Bc5 8.
O-O O-O 9. Bxc6 bxc6 10. f3 Ng5 11. Nc3 Ne6 12. Be3 Bxd4 13. Bxd4 c5 14. Bf2 d4
15. Ne4 Qd5 16. Bg3 Bb7 17. Re1 Rad8 18. Qd2 c4 19. Rad1 Rd7 20. Qb4 Qc6 21.
Qa3 f5 22. exf6 gxf6 23. Bh4 Nf4 24. Qc5 Rg7 25. Qxc6 Bxc6 26. Nxf6+ Rxf6 27.
Bxf6 Rxg2+ 28. Kf1 Bxf3 29. Rxd4 Nh3 30. Rd8+ Kf7 31. Bd4 Rxc2 32. Rd7+ Kg6 33.
Rg7+ Kf5 34. Rg3 Bg4 35. Rg2 Rxg2 36. Kxg2 Nf4+ 37. Kg1 Ne2+ 38. Rxe2 Bxe2 39.
Bxa7 Ke4 1/2-1/2

[Event "Solrød Skole"]
[Site "Køge Bugt Vinter 2011"]
[Date "2011.03.23"]
[Round "7.4"]
[White "Johannsen, Bjørn"]
[Black "Refsgaard, Kaj"]
[Result "1/2-1/2"]
[WhiteElo "1585"]
[BlackElo "1749"]
[PlyCount "127"]
[EventDate "2011.??.??"]
[WhiteTeam "Haslev Skakklub"]
[BlackTeam "Jernbanens Skakklub"]

1. b3 d5 2. Bb2 Nd7 3. Nf3 Ngf6 4. e3 g6 5. c4 c6 6. Be2 Bg7 7. h3 O-O 8. O-O
Nc5 9. d4 Nce4 10. Nc3 Bf5 11. Bd3 h6 12. Qc2 Qd7 13. Ne5 Qc8 14. Kh2 Nd6 15.
Rac1 dxc4 16. bxc4 Bxd3 17. Qxd3 Qc7 18. Kg1 Rad8 19. Rc2 Nf5 20. Qe2 Nh4 21.
f4 Nf5 22. Qf2 e6 23. g4 Ne7 24. Ba3 Rfe8 25. Qf3 Nh7 26. h4 b6 27. Rg2 a6 28.
Bxe7 Qxe7 29. Nxc6 Qxh4 30. Nxd8 Qxd8 31. Rb1 Qc7 32. Qf1 Rb8 33. Rgb2 Qd8 34.
Qf3 Nf6 35. c5 Nd7 36. cxb6 Rxb6 37. Rxb6 Nxb6 38. Ne4 Nd5 39. Kg2 Qa5 40. Qf2
Qa3 41. Rb3 Qc1 42. Nc5 Qd1 43. Kg3 Nf6 44. Qf3 Qg1+ 45. Qg2 Qe1+ 46. Qf2 Qd1
47. Qf3 Qc1 48. Nxa6 Qe1+ 49. Kh3 h5 50. gxh5 gxh5 51. Nc5 Ng4 52. Ne4 Kh7 53.
Ng5+ Kg6 54. Ne4 f5 55. Rb6 Bf6 56. Rxe6 Qh4+ 57. Kg2 fxe4 58. Qxe4+ Kf7 59.
Rxf6+ Nxf6 60. Qb7+ Kg6 61. Qf3 Ng4 62. Qg3 Qe7 63. a4 Kf5 64. Kf3 1/2-1/2

[Event "Solrød Skole"]
[Site "Køge Bugt Vinter 2011"]
[Date "2011.03.23"]
[Round "7.5"]
[White "Krag-Jacobsen, Alan"]
[Black "Larsen, Paul M"]
[Result "1/2-1/2"]
[WhiteElo "1786"]
[BlackElo "1629"]
[PlyCount "87"]
[EventDate "2011.??.??"]
[WhiteTeam "Solrød Skakklub"]
[BlackTeam "Haslev Skakklub"]

1. e4 c6 2. d4 d5 3. exd5 cxd5 4. c4 Nf6 5. c5 Bf5 6. Nc3 e6 7. Nf3 Nc6 8. Bb5
Be7 9. Ne5 Qc8 10. Qa4 O-O 11. Nxc6 bxc6 12. Bxc6 Rb8 13. Bb5 Qc7 14. O-O Ne4
15. Ne2 Nxc5 16. dxc5 Qxc5 17. Be3 Qxb5 18. Qxa7 Rb7 19. Nd4 Qxb2 20. Qa4 Bd3
21. Rfd1 Bf6 22. Nb3 Bb5 23. Qb4 Bc3 24. Qc5 Bc4 25. Bc1 Qe2 26. Ba3 Rfb8 27.
Rab1 Bb4 28. Bxb4 Rxb4 29. Rbc1 Qxa2 30. Nd4 h6 31. Nc6 Rb1 32. Nxb8 Rxc1 33.
Rxc1 Qb2 34. Qc8+ Kh7 35. Re1 Qc3 36. Rb1 Qc2 37. Qb7 Bd3 38. Ra1 Qc3 39. Qa7
Qb2 40. h3 Bc4 41. Nc6 Qf6 42. Qd4 Qg5 43. Qa7 Qf4 44. Qd4 1/2-1/2

[Event "Solrød Skole"]
[Site "Køge Bugt Vinter 2011"]
[Date "2011.03.23"]
[Round "7.7"]
[White "Jørgensen, Leif"]
[Black "Trærup, Jørgen"]
[Result "0-1"]
[WhiteElo "1700"]
[BlackElo "1725"]
[PlyCount "136"]
[EventDate "2011.??.??"]
[WhiteTeam "Solrød Skakklub"]
[BlackTeam "BMS Skak"]

1. e4 e5 2. Nf3 Nc6 3. Bc4 Be7 4. d4 exd4 5. Nxd4 Nf6 6. Nc3 O-O 7. Nxc6 bxc6
8. Bd3 d6 9. O-O Bg4 10. Ne2 h6 11. Re1 Nh7 12. h3 Bh5 13. c3 Qd7 14. Qc2 Ng5
15. Bxg5 Bxg5 16. Ng3 Bg6 17. Rad1 Bf4 18. Ne2 Bg5 19. b4 Rfe8 20. Nc1 Bh5 21.
Be2 Bxe2 22. Nxe2 Bf6 23. c4 Qc8 24. Ng3 Qb7 25. a3 c5 26. b5 Re6 27. Rd2 Rae8
28. Rde2 g6 29. Qd3 Bd4 30. Qd2 Kh7 31. Qc2 Be5 32. Nf1 Bd4 33. Nd2 f5 34. Kf1
fxe4 35. Nxe4 Kg7 36. Qd3 Qc8 37. g4 Qd8 38. Ng3 Rxe2 39. Rxe2 Rxe2 40. Kxe2
Qf6 41. Qf3 Qxf3+ 42. Kxf3 Kf7 43. Ne4 Ke6 44. h4 d5 45. Nd2 Ke5 46. cxd5 Kxd5
47. Ke2 c4 48. f4 Kc5 49. a4 Kb4 50. f5 gxf5 51. gxf5 c3 52. Nf3 Bf6 53. Kd1
Kxa4 54. Kc2 Kxb5 55. h5 Kc4 56. Ne1 a5 57. Nd3 c5 58. Nc1 a4 59. Na2 a3 60.
Nc1 Bd4 61. Na2 Be3 62. f6 Bd4 63. f7 Bg7 64. Nc1 Kd4 65. Ne2+ Kd5 66. Nxc3+
Ke6 67. Kb3 Kxf7 68. Kxa3 Bxc3 0-1

[Event "Solrød Skole"]
[Site "Køge Bugt Vinter 2011"]
[Date "2011.03.23"]
[Round "7.8"]
[White "Kirkebække, Mark"]
[Black "Grum-Schwensen, Jens"]
[Result "1-0"]
[WhiteElo "1489"]
[BlackElo "1248"]
[PlyCount "33"]
[EventDate "2011.??.??"]
[WhiteTeam "Tåstrup Skakforening"]
[BlackTeam "Brøndbyernes Skakklub"]

1. e4 e5 2. f4 exf4 3. Bc4 Qh4+ 4. Kf1 Bc5 5. d4 Bb6 6. Nc3 d6 7. Nd5 Be6 8.
Nf3 Qd8 9. Bxf4 c6 10. Nxb6 axb6 11. d5 Bg4 12. dxc6 Bxf3 13. cxb7 Bxe4 14.
bxa8=Q Bxa8 15. Qxd6 Qf6 16. Re1+ Ne7 17. Qxb8+ 1-0

[Event "Solrød Skole"]
[Site "Køge Bugt Vinter 2011"]
[Date "2011.03.23"]
[Round "7.9"]
[White "Dyremose, Morten Sigvart"]
[Black "Nielsen, Steen"]
[Result "0-1"]
[WhiteElo "1146"]
[BlackElo "1456"]
[PlyCount "80"]
[EventDate "2011.??.??"]
[WhiteTeam "Brøndbyernes Skakklub"]
[BlackTeam "Solrød Skakklub"]

1. e4 c5 2. Nf3 e6 3. Nc3 Nc6 4. Bc4 a6 5. d4 cxd4 6. Nxd4 Nf6 7. a3 d6 8. Bg5
Be7 9. O-O O-O 10. b4 Qc7 11. Nxc6 bxc6 12. Qf3 Bb7 13. Rad1 Rfd8 14. Qg3 a5
15. Kh1 axb4 16. axb4 Qb6 17. Bxf6 Bxf6 18. Rb1 Qd4 19. Qd3 Qxd3 20. cxd3 Bxc3
21. f4 d5 22. exd5 cxd5 23. Bb3 Ra3 24. Bc2 Rda8 25. Rfc1 Ra1 26. h3 d4 27. Kh2
R8a2 28. Rxa1 Rxa1 29. Rxa1 Bxa1 30. Bb3 Bc3 31. b5 Ba5 32. g4 Bc7 33. Kg3 g5
34. Kf2 gxf4 35. Bd1 Kg7 36. h4 Bd8 37. h5 Kh6 38. Be2 Kg5 39. Bd1 e5 40. Be2
Bc8 0-1

[Event "Solrød Skole"]
[Site "Køge Bugt Vinter 2011"]
[Date "2011.03.23"]
[Round "7.10"]
[White "Dyremose, Flemming"]
[Black "Pondal, Jesper"]
[Result "1/2-1/2"]
[WhiteElo "1748"]
[BlackElo "1822"]
[PlyCount "90"]
[EventDate "2011.??.??"]
[WhiteTeam "Brøndbyernes Skakklub"]
[BlackTeam "Køge Skakklub"]

1. d4 d5 2. c4 e6 3. Nc3 Nf6 4. Bg5 Nbd7 5. Nf3 Be7 6. e3 O-O 7. Bd3 Re8 8. O-O
Nf8 9. Rc1 c6 10. a3 a6 11. Re1 b5 12. cxb5 axb5 13. Ne5 Bd7 14. Na2 Qb6 15.
Qc2 Rac8 16. Bxf6 Bxf6 17. Nxd7 Nxd7 18. Bxh7+ Kh8 19. Bd3 c5 20. Qe2 c4 21.
Bb1 g6 22. Nb4 Kg7 23. Red1 Be7 24. Qe1 Nf6 25. Qc3 Ra8 26. Bc2 Rh8 27. h3 Rh4
28. Rf1 Qd6 29. Qe1 Rah8 30. f4 Bd8 31. Qg3 Bc7 32. Rf3 Ne4 33. Bxe4 dxe4 34.
Rff1 R8h5 35. Rc2 f5 36. Qe1 g5 37. Qd2 g4 38. hxg4 fxg4 39. Kf2 Rh1 40. Ke1
Bd8 41. Qe2 R1h4 42. Kd2 Ba5 43. Kc3 Qa6 44. Qd1 Kf6 45. Re2 Kf5 1/2-1/2

[Event "Solrød Skole"]
[Site "Køge Bugt Vinter 2011"]
[Date "2011.03.23"]
[Round "7.11"]
[White "Nielsen, Michael"]
[Black "Hansen, Erik Friberg"]
[Result "0-1"]
[WhiteElo "1202"]
[BlackElo "1574"]
[PlyCount "62"]
[EventDate "2011.??.??"]
[WhiteTeam "Sjælsø Skakklub"]
[BlackTeam "Ishøj Skakklub"]

1. d4 Nf6 2. Nc3 e6 3. e4 Bb4 4. e5 Nd5 5. Bd2 Bxc3 6. bxc3 b6 7. c4 Ne7 8. Bd3
Bb7 9. Qg4 Ng6 10. Nf3 Bxf3 11. Qxf3 c6 12. O-O d5 13. Rfe1 Nd7 14. cxd5 cxd5
15. Bb4 Qh4 16. c3 Qf4 17. Qd1 Qg5 18. Re3 h5 19. Rg3 Qh6 20. Qa4 h4 21. Rg4 h3
22. g3 Qh5 23. f3 Qh6 24. f4 Qh5 25. Rg5 Qf3 26. Qc2 Qe3+ 27. Kf1 Nxf4 28. Bb5
Qf3+ 29. Ke1 Ng2+ 30. Kd2 Qe3+ 31. Kd1 Qe1# 0-1